| 000 | 00381nam a22001457a 4500 | ||
|---|---|---|---|
| 008 | 250324b |||||||| |||| 00| 0 eng d | ||
| 020 | _a9780323811095 | ||
| 050 |
_aRT84 _b.M67 |
||
| 245 | _aMosby's essentials for nursing | ||
| 250 | _a7th | ||
| 260 |
_aMissouri _bElsevier _c2023 |
||
| 300 | _aiii,467p | ||
| 650 |
_aNurses áides _vCare of the book handbooks manuals |
||
| 942 | _cBK | ||
| 999 |
_c2627 _d2627 |
||